Phong trào công nhân quốc tế : Những vấn đề lịch sử và lý luận ( sách tham khảo)

Gorde:
Xehetasun bibliografikoak
Formatua: Liburua
Hizkuntza:Undetermined
Argitaratua: Hà Nội Chính trị quốc gia
Gaiak:
Etiketak: Etiketa erantsi
Etiketarik gabe, Izan zaitez lehena erregistro honi etiketa jartzen!
Thư viện lưu trữ: Trung tâm Học liệu Trường Đại học Cần Thơ
LEADER 00578nam a2200169Ia 4500
001 CTU_93617
008 210402s9999 xx 000 0 und d
082 |a 324.2597075 
082 |b Ph431/T.1 
245 0 |a Phong trào công nhân quốc tế : 
245 0 |b Những vấn đề lịch sử và lý luận ( sách tham khảo) 
260 |a Hà Nội 
260 |b Chính trị quốc gia 
650 |a Communist parties,Political parties 
650 |z Vietnam,Vietnam 
904 |i Tuyến 
980 |a Trung tâm Học liệu Trường Đại học Cần Thơ